[Event "Online Olym Top DivC 2021"]
[Site "chess.com INT"]
[Date "2021.09.10"]
[Round "6.1"]
[Board "1"]
[White "Mustaps, Matiss"]
[Black "Navara, David"]
[Result "1/2-1/2"]
[WhiteTitle "FM"]
[BlackTitle "GM"]
[WhiteElo "2356"]
[BlackElo "2676"]
[WhiteTeam "Latvia"]
[BlackTeam "Czech Republic"]
[WhiteFideId "11602295"]
[BlackFideId "309095"]
[EventDate "2021.09.09"]
[EventType "team"]

1. e4 c6 2. d4 d5 3. Nc3 dxe4 4. Nxe4 Nf6 5. Ng5 c5 6. Bb5+ Nc6 7. Bxc6+ bxc6 8.
Ne2 Ba6 9. Nf3 e6 10. O-O cxd4 11. Re1 Bb4 12. Bd2 Bc5 13. b4 Bb6 14. a4 Ne4 15.
a5 d3 16. axb6 dxe2 17. Qc1 axb6 18. c4 Nxd2 19. Nxd2 O-O 20. Rxe2 Qd6 21. Qc3
Rfd8 22. h3 c5 23. bxc5 bxc5 24. Ne4 Qd4 25. Qxd4 cxd4 26. Rea2 Bb7 27. Nc5 Bc6
28. Ra6 e5 29. f3 f6 30. Kf2 Kf7 31. Ra7+ Ke8 32. Ne6 Rxa7 33. Rxa7 Rd7 34.
Nxg7+ Kf7 35. Rxd7+ Bxd7 36. Nh5 f5 37. Ng3 Ke6 38. Ne2 Kd6 39. f4 d3 40. fxe5+
Kxe5 41. Ng1 Kd4 42. Nf3+ Kxc4 43. Ke3 Kc3 44. g3 Bc6 45. Nd2 Bg2 46. h4 Kc2 47.
Nc4 Be4 48. Nd2 Bd5 49. Nf1 Bb7 50. Nd2 h5 51. Nc4 Be4 52. Nd2 Kd1 53. Nc4 Ke1
54. Nd2 Bg2 55. Kxd3 Kf2 56. Kd4 Kxg3 57. Ke5 f4 58. Kf5 f3 59. Kg5 f2 60. Kxh5
Kf4 61. Kg6 Ke3 62. Nc4+ Ke2 63. h5 f1=Q 64. Ne5 Be4+ 65. Kg7 Qf5 66. Ng6 Qxh5
67. Nf4+ Kf3 68. Nxh5 1/2-1/2

[Event "Online Olym Top DivC 2021"]
[Site "chess.com INT"]
[Date "2021.09.10"]
[Round "6.1"]
[Board "2"]
[White "Stalmach, Richard"]
[Black "Lavendelis, Egons"]
[Result "1-0"]
[WhiteTitle "FM"]
[BlackTitle "FM"]
[WhiteElo "2333"]
[BlackElo "2304"]
[WhiteTeam "Czech Republic"]
[BlackTeam "Latvia"]
[WhiteFideId "372048"]
[BlackFideId "11601647"]
[EventDate "2021.09.09"]
[EventType "team"]

1. Nf3 Nf6 2. d4 g6 3. c4 Bg7 4. Nc3 d5 5. Qb3 dxc4 6. Qxc4 O-O 7. e4 a6 8. Be2
Nbd7 9. Qb3 c5 10. d5 b5 11. Qc2 Bb7 12. O-O Rc8 13. Rd1 Qc7 14. g3 b4 15. Bf4
Qa5 16. Nb1 Nxe4 17. Qxe4 Bxb2 18. Nbd2 Bxa1 19. Rxa1 e6 20. Bh6 Bxd5 21. Qh4
Rfe8 22. Nc4 Bxc4 23. Bxc4 Qd8 24. Bg5 f6 25. Bh6 Rc6 26. Rd1 Qe7 27. Qf4 Nf8
28. h4 Rd8 29. Re1 Rcd6 30. Kh2 Rd1 31. Bxf8 Kxf8 32. Rxe6 R1d4 33. Nxd4 Rxd4
34. Rxe7 Rxf4 35. Rf7+ 1-0

[Event "Online Olym Top DivC 2021"]
[Site "chess.com INT"]
[Date "2021.09.10"]
[Round "6.1"]
[Board "3"]
[White "Rogule, Laura"]
[Black "Koubova, Anna Marie"]
[Result "1-0"]
[WhiteTitle "WGM"]
[WhiteElo "2286"]
[BlackElo "2128"]
[WhiteTeam "Latvia"]
[BlackTeam "Czech Republic"]
[WhiteFideId "11601876"]
[BlackFideId "381470"]
[EventDate "2021.09.09"]
[EventType "team"]

1. d4 d5 2. c4 e6 3. Nf3 Nf6 4. g3 Bb4+ 5. Bd2 Be7 6. Bg2 O-O 7. O-O dxc4 8. Qc2
b5 9. a4 bxa4 10. Ne5 Nd5 11. Nc3 a3 12. bxa3 Ba6 13. Na4 c5 14. Nxc5 Bxc5 15.
dxc5 Qc7 16. Nxc4 Qxc5 17. Bb4 Qxc4 18. Qxc4 Bxc4 19. Bxf8 Kxf8 20. Rfc1 Ba6 21.
e4 Ne7 22. e5 Nd5 23. Bxd5 exd5 24. Rc7 Ke8 25. Rd1 Nd7 26. Rxd5 Bc8 27. Ra5 a6
28. f4 Rb8 29. f5 Kd8 30. Ra7 Rb7 31. Ra8 Rb8 32. Ra7 Rb7 33. Rxb7 Bxb7 34. Kf2
Ke7 35. Ke3 g6 36. g4 h5 37. h3 hxg4 38. hxg4 Nb6 39. Kf4 Nd5+ 40. Kg5 gxf5 41.
gxf5 Nb6 42. Rc5 Nd5 43. a4 Kd7 44. Kh6 Nb6 45. Kg7 Nxa4 46. Rc4 Nb6 47. Rb4 Kc7
48. Kxf7 Nd5 49. Rb2 Bc6 50. e6 Kd6 51. f6 a5 52. e7 a4 53. Rc2 Nxf6 54. Kxf6
Be8 55. Rc8 Bd7 56. Rd8 a3 57. e8=Q 1-0

[Event "Online Olym Top DivC 2021"]
[Site "chess.com INT"]
[Date "2021.09.10"]
[Round "6.1"]
[Board "4"]
[White "Zelbova, Lada"]
[Black "Vidruska, Renate"]
[Result "0-1"]
[BlackTitle "WFM"]
[WhiteElo "1928"]
[BlackElo "2000"]
[WhiteTeam "Czech Republic"]
[BlackTeam "Latvia"]
[WhiteFideId "23717882"]
[BlackFideId "11601841"]
[EventDate "2021.09.09"]
[EventType "team"]

1. e4 e5 2. Nf3 Nc6 3. Bb5 a6 4. Bxc6 dxc6 5. O-O f6 6. d4 exd4 7. Nxd4 c5 8.
Nb3 Qxd1 9. Rxd1 Bd6 10. Na5 b5 11. a4 Ne7 12. Na3 Rb8 13. axb5 axb5 14. c4 b4
15. Nb5 Rb6 16. Be3 Bd7 17. Nxd6+ cxd6 18. Bf4 Nc8 19. Rd3 Ke7 20. Rad1 Be6 21.
Rc1 Rd8 22. Nb3 Rd7 23. Nd2 Ra7 24. b3 Ra2 25. Nf1 Rba6 26. g3 Ra1 27. Kg2 Rxc1
28. Bxc1 f5 29. Bg5+ Kf7 30. exf5 Bxf5 31. Rd2 Ra3 32. Ne3 Be4+ 33. f3 Bc6 34.
Rd3 h6 35. Bf4 Ke6 36. h4 Ra2+ 37. Kh3 Bxf3 38. g4 Be4 39. Rd1 Rb2 40. Re1 Rxb3
41. Kh2 Rb2+ 42. Kg1 Kd7 43. Nd1 Rb1 44. Rxe4 Rxd1+ 45. Kf2 d5 46. cxd5 Rxd5 47.
Re2 Nb6 48. Be5 g6 49. Bg7 h5 50. g5 c4 51. Bf8 b3 52. Re7+ Kc6 53. Re6+ Kb5 54.
Bg7 Na4 55. Rxg6 c3 0-1

[Event "Online Olym Top DivC 2021"]
[Site "chess.com INT"]
[Date "2021.09.10"]
[Round "6.1"]
[Board "5"]
[White "Golubovskis, Maksims"]
[Black "Kusa, Jakub"]
[Result "0-1"]
[WhiteTitle "FM"]
[BlackTitle "FM"]
[WhiteElo "2210"]
[BlackElo "2306"]
[WhiteTeam "Latvia"]
[BlackTeam "Czech Republic"]
[WhiteFideId "11608528"]
[BlackFideId "395595"]
[EventDate "2021.09.09"]
[EventType "team"]

1. e4 e5 2. Nf3 Nc6 3. Bb5 a6 4. Ba4 Nf6 5. O-O Nxe4 6. d4 b5 7. Bb3 d5 8. dxe5
Be6 9. c3 Bc5 10. Nbd2 O-O 11. Bc2 Nxf2 12. Rxf2 f6 13. exf6 Bxf2+ 14. Kxf2 Qxf6
15. Nb3 Ne5 16. Kg1 Rae8 17. Be3 Nxf3+ 18. Qxf3 Qxf3 19. gxf3 Rxf3 20. Bf2 Bh3
21. Nd4 Rf7 22. Bd3 c5 23. Nc2 c4 24. Bf1 Bxf1 25. Rxf1 Re2 26. Nb4 Rxb2 27.
Nxd5 Rxa2 0-1

[Event "Online Olym Top DivC 2021"]
[Site "chess.com INT"]
[Date "2021.09.10"]
[Round "6.1"]
[Board "6"]
[White "Voriskova, Anna"]
[Black "Golsta, Madara"]
[Result "1/2-1/2"]
[WhiteElo "1799"]
[BlackElo "1967"]
[WhiteTeam "Czech Republic"]
[BlackTeam "Latvia"]
[WhiteFideId "23712236"]
[BlackFideId "11607386"]
[EventDate "2021.09.09"]
[EventType "team"]

1. d4 Nf6 2. c4 g6 3. Nf3 Bg7 4. g3 O-O 5. Bg2 c5 6. Nc3 cxd4 7. Nxd4 Nc6 8. e3
d6 9. Nxc6 bxc6 10. O-O Bb7 11. Qa4 Qc7 12. Rd1 Rfd8 13. Bd2 d5 14. cxd5 cxd5
15. Rac1 Qb6 16. Ne2 Ne4 17. Ba5 Qa6 18. Nd4 Rdc8 19. Bf1 Qf6 20. Be1 e5 21. Nb3
Ng5 22. Nc5 Bc6 23. Qa6 Nf3+ 24. Kh1 Nxe1 25. Rxe1 Qxf2 26. Bg2 Qf6 27. Rf1 Qd8
28. Ne6 fxe6 29. Rxc6 Rxc6 30. Qxc6 Qc8 31. Qd6 Bf8 32. Qxe5 Rb8 33. Bh3 Rb6 34.
Qf6 Bg7 35. Qe7 Rc6 36. Qxa7 Rc2 37. Qf7+ Kh8 38. Bxe6 Qa8 39. Bxd5 Qb8 40. b3
Rxa2 41. Bc4 Ra7 42. Qd5 Re7 43. e4 Ra7 44. Re1 Be5 45. Rf1 Ra2 46. Qf7 Bg7 47.
Rd1 Ra1 48. Rxa1 Bxa1 49. Kg2 Bg7 50. Qd5 h5 51. Qe6 Kh7 52. Qf7 Qe5 53. Qg8+
Kh6 54. Qd5 Qb2+ 55. Kh3 g5 56. Qe6+ Bf6 57. g4 hxg4+ 58. Qxg4 Qf2 59. Qg3 Qd4
60. Qg4 Qe3+ 61. Qg3 Qxe4 62. Bd3 Qd4 63. Bc4 Be5 64. Qg4 Qe3+ 65. Kg2 Qd2+ 66.
Kf3 Qd1+ 67. Be2 Qxb3+ 68. Kg2 Bf4 69. Qh5+ Kg7 70. Qg4 Qd5+ 71. Qf3 Qd2 72.
Qb7+ Kf6 73. Qc6+ Ke5 74. Qf3 Kd4 75. Qf2+ Kc3 76. Qc5+ Kb2 77. Qb5+ Kc1 78.
Qc6+ Kb2 79. Qb5+ Kc1 80. Qd3 Qxd3 81. Bxd3 Kd2 82. Bf5 Ke2 83. Bg4+ Ke3 84. h3
Be5 85. Bf5 Bf4 86. Bg4 Be5 87. Bf5 Bf4 88. Bg4 1/2-1/2

[Event "Online Olym Top DivC 2021"]
[Site "chess.com INT"]
[Date "2021.09.10"]
[Round "6.2"]
[Board "1"]
[White "Benitez Galeano, Alejandro"]
[Black "Bluebaum, Matthias"]
[Result "0-1"]
[WhiteTitle "FM"]
[BlackTitle "GM"]
[WhiteElo "2201"]
[BlackElo "2639"]
[WhiteTeam "Paraguay"]
[BlackTeam "Germany"]
[WhiteFideId "3703568"]
[BlackFideId "24651516"]
[EventDate "2021.09.09"]
[EventType "team"]

1. Nf3 d5 2. c4 d4 3. g3 c5 4. Bg2 Nc6 5. O-O e5 6. d3 Nf6 7. e3 Be7 8. exd4
exd4 9. Re1 O-O 10. Bg5 h6 11. Bxf6 Bxf6 12. Na3 Bf5 13. Nc2 Qd6 14. a3 a6 15.
b4 b5 16. cxb5 axb5 17. bxc5 Qxc5 18. Rc1 Qd6 19. Nd2 Rac8 20. Qf3 Bg5 21. Rcd1
Qd7 22. h3 Bxh3 23. Bxh3 Qxh3 24. Nb3 Bf6 25. Re2 Rfd8 26. Rde1 Ne5 27. Qb7 Nxd3 0-1

[Event "Online Olym Top DivC 2021"]
[Site "chess.com INT"]
[Date "2021.09.10"]
[Round "6.2"]
[Board "2"]
[White "Svane, Rasmus"]
[Black "Heinechen, Juan"]
[Result "1-0"]
[WhiteTitle "GM"]
[WhiteElo "2623"]
[BlackElo "2146"]
[WhiteTeam "Germany"]
[BlackTeam "Paraguay"]
[WhiteFideId "4657101"]
[BlackFideId "3701018"]
[EventDate "2021.09.09"]
[EventType "team"]

1. Nf3 c5 2. c4 Nc6 3. e3 g6 4. d4 cxd4 5. exd4 Bg7 6. Nc3 d6 7. h3 e6 8. d5 Ne5
9. dxe6 fxe6 10. Ne4 d5 11. cxd5 exd5 12. Bb5+ Nc6 13. Bg5 Qa5+ 14. Bd2 Qc7 15.
Nc3 Ne7 16. Qb3 Be6 17. O-O O-O 18. Ng5 Qd6 19. Nxe6 Qxe6 20. Rae1 Qf7 21. Bg5
Bd4 22. Bxc6 Nxc6 23. Nxd5 Rae8 24. Rxe8 Rxe8 25. Bf6 Bc5 26. Bc3 Nd4 27. Nf6+
Kf8 28. Qxf7+ Kxf7 29. Bxd4 Bxd4 30. Nxe8 Kxe8 31. Rd1 1-0

[Event "Online Olym Top DivC 2021"]
[Site "chess.com INT"]
[Date "2021.09.10"]
[Round "6.2"]
[Board "3"]
[White "Vargas, Gabriela"]
[Black "Papp, Sarah"]
[Result "0-1"]
[WhiteTitle "WIM"]
[BlackTitle "WGM"]
[WhiteElo "2152"]
[BlackElo "2315"]
[WhiteTeam "Paraguay"]
[BlackTeam "Germany"]
[WhiteFideId "3700860"]
[BlackFideId "24606812"]
[EventDate "2021.09.09"]
[EventType "team"]

1. d4 Nf6 2. Nf3 d5 3. Bg5 Nbd7 4. e3 h6 5. Bh4 e6 6. Nbd2 Be7 7. Bd3 c5 8. c3
b6 9. Qe2 Bb7 10. O-O Ne4 11. Bxe7 Qxe7 12. Bb5 O-O 13. Bxd7 Nxd2 14. Qxd2 Qxd7
15. Ne5 Qd6 16. f4 a5 17. Rf3 f6 18. Ng6 Rf7 19. Qf2 b5 20. a3 b4 21. axb4 cxb4
22. Rh3 Rc7 23. Qg3 bxc3 24. bxc3 Rxc3 25. Rb1 Rc7 26. Qg4 a4 0-1

[Event "Online Olym Top DivC 2021"]
[Site "chess.com INT"]
[Date "2021.09.10"]
[Round "6.2"]
[Board "4"]
[White "Heinemann, Josefine"]
[Black "Mayeregger Gonzalez, Renata"]
[Result "1-0"]
[WhiteTitle "WGM"]
[WhiteElo "2292"]
[BlackElo "1280"]
[WhiteTeam "Germany"]
[BlackTeam "Paraguay"]
[WhiteFideId "12900460"]
[BlackFideId "3708900"]
[EventDate "2021.09.09"]
[EventType "team"]

1. e4 d5 2. exd5 Nf6 3. d4 Qxd5 4. Nf3 Bg4 5. Be2 c6 6. O-O Nbd7 7. c4 Qa5 8.
Bf4 e6 9. Nc3 Be7 10. a3 O-O 11. b4 Qd8 12. h3 Bh5 13. Qb3 Bg6 14. Rfd1 h6 15.
Ne5 Bh7 16. Bf3 Nxe5 17. dxe5 Nd7 18. c5 Qc7 19. Re1 Rad8 20. Rac1 b6 21. cxb6
Qxb6 22. Na4 Qd4 23. Bg3 c5 24. Red1 c4 25. Rxc4 Nc5 26. Nxc5 Qxc4 27. Qxc4
Rxd1+ 28. Bxd1 Bxc5 29. bxc5 Rd8 30. Be2 g6 31. c6 Kg7 32. c7 Rc8 33. Qc5 a6 34.
Bxa6 Ra8 35. c8=Q Rxc8 36. Qxc8 1-0

[Event "Online Olym Top DivC 2021"]
[Site "chess.com INT"]
[Date "2021.09.10"]
[Round "6.2"]
[Board "5"]
[White "Allo Collante, Enrique"]
[Black "Keymer, Vincent"]
[Result "0-1"]
[BlackTitle "GM"]
[WhiteElo "1837"]
[BlackElo "2607"]
[WhiteTeam "Paraguay"]
[BlackTeam "Germany"]
[WhiteFideId "3705021"]
[BlackFideId "12940690"]
[EventDate "2021.09.09"]
[EventType "team"]

1. c4 Nf6 2. g3 e6 3. Bg2 d5 4. Nf3 d4 5. O-O c5 6. d3 Nc6 7. e3 h6 8. exd4 cxd4
9. a3 a5 10. Re1 Bd6 11. b3 O-O 12. Bb2 e5 13. Nbd2 Bf5 14. c5 Bc7 15. Nc4 Re8
16. b4 axb4 17. axb4 Rxa1 18. Bxa1 Nxb4 19. Ncxe5 Bxe5 20. Nxe5 Qa5 21. Bxd4 Nc2
22. Qxc2 Qxe1+ 23. Bf1 Rxe5 24. Bc3 Rxc5 0-1

[Event "Online Olym Top DivC 2021"]
[Site "chess.com INT"]
[Date "2021.09.10"]
[Round "6.2"]
[Board "6"]
[White "Schulze, Lara"]
[Black "Perez Canete, Dora Romina"]
[Result "1-0"]
[WhiteTitle "FM"]
[WhiteElo "2252"]
[BlackElo "1398"]
[WhiteTeam "Germany"]
[BlackTeam "Paraguay"]
[WhiteFideId "12956830"]
[BlackFideId "3704890"]
[EventDate "2021.09.09"]
[EventType "team"]

1. e4 e5 2. Nf3 d6 3. d4 exd4 4. Nxd4 Nf6 5. Nc3 Be7 6. g3 O-O 7. Bg2 c5 8. Nde2
Nc6 9. h3 Be6 10. O-O Qd7 11. Kh2 Rad8 12. Nf4 Bc4 13. Re1 Rfe8 14. Be3 Ne5 15.
b3 Ba6 16. Ncd5 Nxd5 17. Nxd5 f5 18. f4 Ng6 19. exf5 Qxf5 20. Nc7 Bf6 21. Nxe8
Bxa1 22. Nxd6 Qf6 23. Qd5+ Kf8 24. Bxc5 Ne7 25. Qg5 Rxd6 26. Qxf6+ Rxf6 27.
Bxe7+ Kf7 28. Bd5+ Kg6 29. Rxa1 Rb6 30. c4 h6 31. Re1 Kh7 32. Re6 Rxe6 33. Bxe6
b5 34. c5 1-0

[Event "Online Olym Top DivC 2021"]
[Site "chess.com INT"]
[Date "2021.09.10"]
[Round "6.3"]
[Board "1"]
[White "Smirin, Ilia"]
[Black "Shevchenko, Kirill"]
[Result "1/2-1/2"]
[WhiteTitle "GM"]
[BlackTitle "GM"]
[WhiteElo "2616"]
[BlackElo "2633"]
[WhiteTeam "Israel"]
[BlackTeam "Ukraine"]
[WhiteFideId "2801990"]
[BlackFideId "14129574"]
[EventDate "2021.09.09"]
[EventType "team"]

1. e4 c5 2. Nf3 d6 3. d4 cxd4 4. Nxd4 Nf6 5. Nc3 Nc6 6. Bg5 e6 7. Qd2 a6 8.
O-O-O Bd7 9. f3 Nxd4 10. Qxd4 Be7 11. Kb1 b5 12. h4 Qc7 13. h5 h6 14. Be3 Rb8
15. Qd2 b4 16. Ne2 a5 17. g4 Bb5 18. Nd4 Bxf1 19. Rhxf1 a4 20. Bg1 Qb7 21. Rfe1
Nd7 22. f4 O-O 23. g5 hxg5 24. fxg5 Ne5 25. g6 Bf6 26. b3 Rfc8 27. gxf7+ Qxf7
28. h6 axb3 29. cxb3 Rc3 30. Qe2 Rbc8 31. Rf1 Qg6 32. hxg7 Ng4 33. Rd2 Bxg7 34.
Nb5 Rg3 35. Nxd6 Rf8 36. Bc5 Rxf1+ 37. Qxf1 Ne3 38. Bxe3 Rxe3 39. Rg2 Re1+ 40.
Qxe1 Qxg2 41. e5 Qg6+ 42. Qe4 Qg1+ 43. Kc2 Qh2+ 44. Kd3 Qxa2 45. Kc4 Qa5 46. Nb5
Qa1 47. Nd4 Qa5 48. Qc6 Qxe5 49. Qxe6+ Qxe6+ 50. Nxe6 Bc3 51. Nf4 Kf7 52. Nd5
Be1 53. Nxb4 Ke6 54. Nd3 1/2-1/2

[Event "Online Olym Top DivC 2021"]
[Site "chess.com INT"]
[Date "2021.09.10"]
[Round "6.3"]
[Board "2"]
[White "Korobov, Anton"]
[Black "Roiz, Michael"]
[Result "1/2-1/2"]
[WhiteTitle "GM"]
[BlackTitle "GM"]
[WhiteElo "2685"]
[BlackElo "2580"]
[WhiteTeam "Ukraine"]
[BlackTeam "Israel"]
[WhiteFideId "14105730"]
[BlackFideId "2804158"]
[EventDate "2021.09.09"]
[EventType "team"]

1. d4 Nf6 2. c4 e6 3. Nc3 Bb4 4. e3 O-O 5. Bd3 d5 6. a3 Bxc3+ 7. bxc3 dxc4 8.
Bxc4 c5 9. Nf3 Qc7 10. Ba2 b6 11. O-O Bb7 12. Nd2 cxd4 13. cxd4 Bd5 14. Bb2 Bxa2
15. Rxa2 Rc8 16. Ra1 Nbd7 17. Rc1 Qb7 18. Qb3 b5 19. f3 a6 20. e4 Nb6 21. d5
exd5 22. Bxf6 gxf6 23. Rcd1 Nc4 24. exd5 Qb6+ 25. Kh1 Ne3 26. Ne4 Nxf1 1/2-1/2

[Event "Online Olym Top DivC 2021"]
[Site "chess.com INT"]
[Date "2021.09.10"]
[Round "6.3"]
[Board "3"]
[White "Klinova, Masha"]
[Black "Osmak, Iulija"]
[Result "0-1"]
[WhiteTitle "IM"]
[BlackTitle "IM"]
[WhiteElo "2263"]
[BlackElo "2428"]
[WhiteTeam "Israel"]
[BlackTeam "Ukraine"]
[WhiteFideId "2802015"]
[BlackFideId "14101602"]
[EventDate "2021.09.09"]
[EventType "team"]

1. e4 e5 2. Nf3 d6 3. d4 exd4 4. Nxd4 Nf6 5. Nc3 Be7 6. Be2 O-O 7. O-O Re8 8.
Bf3 Bf8 9. Re1 Nbd7 10. g3 c6 11. Bg2 Nc5 12. h3 a5 13. a4 Qb6 14. b3 Qb4 15.
Bb2 Qb6 16. Qd2 Bd7 17. Rad1 Rad8 18. g4 h6 19. Kh1 Bc8 20. f4 g6 21. f5 Bg7 22.
g5 hxg5 23. Qxg5 Re5 24. Nf3 Nfxe4 25. Nxe4 Rxf5 26. Qc1 Nxe4 27. Rxe4 d5 28.
Re2 f6 29. Qe3 Qc7 30. Qe7 Bd7 31. Rde1 Qc8 32. Nh4 Re8 33. Qc5 Rxe2 34. Rxe2
Rg5 35. Qf2 Bxh3 36. Bf3 Bg4 37. Re7 Rh5 38. Kg1 Bxf3 39. Nxf3 Qg4+ 40. Kf1 Rf5
41. Ke2 b5 42. axb5 cxb5 43. Re8+ Kf7 44. Re3 Bf8 45. Bd4 Bd6 46. c3 a4 47. bxa4
bxa4 48. Kd2 Bf4 49. Ke2 Bxe3 50. Qxe3 Qg2+ 51. Kd3 Rxf3 0-1

[Event "Online Olym Top DivC 2021"]
[Site "chess.com INT"]
[Date "2021.09.10"]
[Round "6.3"]
[Board "4"]
[White "Buksa, Nataliya"]
[Black "Gutmakher, Olga"]
[Result "1/2-1/2"]
[WhiteTitle "IM"]
[BlackTitle "WIM"]
[WhiteElo "2417"]
[BlackElo "2236"]
[WhiteTeam "Ukraine"]
[BlackTeam "Israel"]
[WhiteFideId "14123622"]
[BlackFideId "2807602"]
[EventDate "2021.09.09"]
[EventType "team"]

1. e4 c5 2. b3 b6 3. Bb2 Bb7 4. Nc3 Nc6 5. Nf3 d6 6. d4 a6 7. d5 Nb8 8. a4 Nf6
9. Bc4 Nbd7 10. h3 g6 11. Qd3 Bg7 12. g4 Qc7 13. Ne2 h6 14. Rg1 Kd8 15. O-O-O b5
16. axb5 axb5 17. Bxb5 Qa5 18. Nc3 Nxe4 19. Nxe4 Bxb2+ 20. Kxb2 Qa3+ 21. Kc3
Qb4+ 22. Kb2 Qa3+ 23. Kc3 Qb4+ 24. Kb2 Qa3+ 1/2-1/2

[Event "Online Olym Top DivC 2021"]
[Site "chess.com INT"]
[Date "2021.09.10"]
[Round "6.3"]
[Board "5"]
[White "Parkhov, Yair"]
[Black "Galperin, Platon"]
[Result "1-0"]
[WhiteTitle "IM"]
[BlackTitle "IM"]
[WhiteElo "2434"]
[BlackElo "2512"]
[WhiteTeam "Israel"]
[BlackTeam "Ukraine"]
[WhiteFideId "2813408"]
[BlackFideId "14165414"]
[EventDate "2021.09.09"]
[EventType "team"]

1. d4 g6 2. e4 Bg7 3. c4 d6 4. Nc3 e5 5. Nf3 exd4 6. Nxd4 Ne7 7. Be3 Nbc6 8. h4
O-O 9. h5 f5 10. hxg6 hxg6 11. Nf3 fxe4 12. Nxe4 Nf5 13. Qd5+ Rf7 14. Nfg5 Qe8
15. Nxf7 Be6 16. Qd2 Bxf7 17. Ng5 Ne5 18. Nxf7 Qxf7 19. Qd5 Ng4 20. Kd2 Re8 21.
Qxf7+ Kxf7 22. Rh3 b6 23. Rb1 c6 24. Bd3 Nfxe3 25. fxe3 Bh6 26. Ra1 Rxe3 27.
Rxh6 Rxd3+ 28. Kxd3 Nxh6 29. Rh1 Kg7 30. Ke4 Nf7 31. Rd1 Kf6 32. Rd3 Ke6 33. Ra3
Ne5 34. Kd4 c5+ 35. Kc3 Nc6 36. Kd2 d5 37. cxd5+ Kxd5 38. Ke3 Ke5 39. Kf3 Kf5
40. g4+ Kf6 41. Ke4 Kg5 42. Kd5 Na5 43. Rg3 Kf4 44. Rg1 c4 45. g5 Kf5 46. Rf1+
Kxg5 47. Rf7 Kh4 48. Rh7+ Kg4 49. Rxa7 g5 50. Ra6 Kf3 51. Rxb6 g4 52. Rf6+ Ke3
53. Rg6 Kf3 54. Kc5 g3 55. Kb6 c3 56. bxc3 Nc4+ 57. Kb5 Ne5 58. Rf6+ Ke3 59. Rf1
Nf3 60. a4 g2 61. Ra1 Ke2 62. a5 Kd2 63. Ra2+ Kxc3 64. Rxg2 Ne1 65. Rg3+ Kd4 66.
a6 1-0

[Event "Online Olym Top DivC 2021"]
[Site "chess.com INT"]
[Date "2021.09.10"]
[Round "6.3"]
[Board "6"]
[White "Berdnyk, Mariia"]
[Black "Katkov, Michelle"]
[Result "1-0"]
[WhiteTitle "FM"]
[BlackTitle "WFM"]
[WhiteElo "2308"]
[BlackElo "2051"]
[WhiteTeam "Ukraine"]
[BlackTeam "Israel"]
[WhiteFideId "14137054"]
[BlackFideId "2816393"]
[EventDate "2021.09.09"]
[EventType "team"]

1. d4 Nf6 2. c4 e6 3. Nf3 b6 4. g3 Bb4+ 5. Bd2 a5 6. Bg2 O-O 7. O-O Ba6 8. Qc2
c5 9. e4 d5 10. Bg5 Bxc4 11. e5 h6 12. exf6 hxg5 13. Nxg5 g6 14. Nxe6 Qxf6 15.
Nxf8 Bxf1 16. Bxf1 cxd4 17. Nxg6 fxg6 18. Qc8+ Bf8 19. Bg2 Qe5 20. Nd2 Ra7 21.
Nf3 Qc7 22. Qe6+ Qf7 23. Qxb6 Rb7 24. Qxd4 Nc6 25. Qd2 Bg7 26. Ng5 Rxb2 27. Qxd5
Qxd5 28. Bxd5+ Kf8 29. Bxc6 Rc2 30. Be4 Re2 31. Rd1 Bh6 32. Bd3 Rxa2 33. f4 a4
34. Bxg6 a3 35. Be4 Re2 36. Bd5 Bg7 37. Ne6+ Kf7 38. Nd4+ 1-0

[Event "Online Olym Top DivC 2021"]
[Site "chess.com INT"]
[Date "2021.09.10"]
[Round "6.4"]
[Board "1"]
[White "Perez Ponsa, Federico"]
[Black "Dubov, Daniil"]
[Result "0-1"]
[WhiteTitle "GM"]
[BlackTitle "GM"]
[WhiteElo "2554"]
[BlackElo "2714"]
[WhiteTeam "Argentina"]
[BlackTeam "Russia"]
[WhiteFideId "117927"]
[BlackFideId "24126055"]
[EventDate "2021.09.09"]
[EventType "team"]

1. d4 Nf6 2. c4 c5 3. d5 b5 4. cxb5 a6 5. bxa6 e6 6. dxe6 fxe6 7. Nf3 d5 8. g3
Bd6 9. Bg2 O-O 10. O-O Bxa6 11. Nbd2 Nc6 12. Re1 c4 13. Nf1 Rb8 14. Rb1 Ne4 15.
Be3 Qf6 16. Qc2 Nb4 17. Qd1 c3 18. bxc3 Nxc3 19. Qd2 Nxb1 20. Rxb1 Rfc8 21. Bd4
Qg6 22. Rb2 Rc2 23. Rxc2 Qxc2 24. Qe3 Qe4 25. Qxe4 dxe4 26. Ng5 Bxe2 27. Bxe4 h6
28. Nxe6 Re8 29. Bf5 g6 30. Bh3 Bc4 31. Nf4 Bxf4 32. gxf4 Re1 33. Bc3 Rb1 34.
Bxb4 Rxb4 35. Ne3 Bxa2 36. f5 g5 37. Bg4 Bf7 38. h3 Kg7 39. Be2 h5 40. Kg2 Rb2
41. Bf3 Kf6 42. Be4 Ke5 43. Bf3 Ra2 44. Bc6 Ra7 45. Bf3 Rc7 46. Kg3 Ra7 47. Bc6
Kf6 48. Bf3 Be8 49. Be2 Ra4 50. Bf3 Ra2 51. Bd1 Rd2 0-1

[Event "Online Olym Top DivC 2021"]
[Site "chess.com INT"]
[Date "2021.09.10"]
[Round "6.4"]
[Board "2"]
[White "Artemiev, Vladislav"]
[Black "Peralta, Fernando"]
[Result "1-0"]
[WhiteTitle "GM"]
[BlackTitle "GM"]
[WhiteElo "2699"]
[BlackElo "2570"]
[WhiteTeam "Russia"]
[BlackTeam "Argentina"]
[WhiteFideId "24101605"]
[BlackFideId "105309"]
[EventDate "2021.09.09"]
[EventType "team"]

1. c4 Nf6 2. Nf3 e6 3. g3 b6 4. Bg2 Bb7 5. O-O Be7 6. b3 O-O 7. Bb2 d5 8. cxd5
exd5 9. e3 Nbd7 10. Nc3 Re8 11. Rc1 a6 12. Ne2 Bf8 13. Nf4 h6 14. Re1 a5 15. d4
Bd6 16. Re2 Qe7 17. Rec2 c6 18. Nd3 Ne4 19. Nfe5 Nxe5 20. dxe5 Ba3 21. e6 Bxb2
22. exf7+ Qxf7 23. Nxb2 c5 24. Na4 Qf6 25. Nc3 Rad8 26. Nxe4 dxe4 27. Rd2 Rxd2
28. Qxd2 Rd8 29. Qc2 Qe5 30. h4 Kh8 31. Bf1 Qd6 32. a3 Qd2 33. Be2 Qxc2 34. Rxc2
g5 35. hxg5 hxg5 36. Kf1 Kg7 37. b4 axb4 38. axb4 Rc8 39. Rd2 Rc7 40. b5 c4 41.
Bxc4 Kf6 42. Rd6+ Ke5 43. Re6+ Kf5 44. Rxb6 Rxc4 45. Rxb7 Rb4 46. Rb8 Kg4 47.
Kg2 Kf5 48. b6 Kg4 49. b7 1-0